Coded Countries - Crack The Code, Name The Countries - Statistics

General Stats
  • This quiz has been taken 172 times
  • The average score is 12 of 20
Answer Stats
Hint Answer % Correct
JOEJB INDIA
81%
KBQBO JAPAN
79%
DBOBEB CANADA
74%
UPHP TOGO
73%
TQBJO SPAIN
71%
NFYJDP MEXICO
66%
VOJUFE LJOHEPN UNITED KINGDOM
62%
BSHFOUJOB ARGENTINA
61%
GSBODF FRANCE
59%
OJHFSJB NIGERIA
59%
TBVEJ BSBCJB SAUDI ARABIA
56%
KBNBJDB JAMAICA
54%
FBTU UJNPS EAST TIMOR
53%
VLSBJOF UKRAINE
51%
NPSPDDP MOROCCO
49%
BVTUSJB AUSTRIA
48%
NBMBZTJB MALAYSIA
45%
TXFEFO SWEDEN
45%
QBSBHVBZ PARAGUAY
42%
WJFUOBN VIETNAM
38%
No matching quizzes found
Score Distribution
Percent of People with Each Score
Percentile by Number Answered
Your Score History
You have not taken this quiz